Media and Communication Management (Record no. 986)

MARC details
000 -LEADER
Fixed length control field 00484nam a2200181 4500
003 - CONTROL NUMBER IDENTIFIER
Control field SEACOMMC
005 - DATE AND TIME OF LATEST TRANSACTION
Control field 20250430124240.0
008 - FIXED-LENGTH DATA ELEMENTS--GENERAL INFORMATION
Fixed length control field 250111b |||||||| |||| 00| 0 eng d
020 ## - INTERNATIONAL STANDARD BOOK NUMBER / ISBN
International Standard Book Number 81-7040-724-9
Price Rs.300.00
040 ## - CATALOGING SOURCE
Original cataloging agency SEACOMMC
082 ## - DEWEY DECIMAL CLASSIFICATION NUMBER
Classification number 302.23
Book Number R 277
100 ## - MAIN ENTRY--PERSONAL NAME
Personal name Rayudu, C.S
245 1# - TITLE STATEMENT
Title Media and Communication Management
Statement of responsibility C.S Rayudu
250 ## - EDITION STATEMENT
Edition statement 3rd ed.
260 ## - IMPRINT
Place of publication Mumbai
Name of publisher Himalaya publishing house
Date of publication 1998
650 ## - SUBJECT ADDED ENTRY--TOPICAL TERM
Topical term Traditional media
942 ## - ADDED ENTRY ELEMENTS (KOHA)
Koha item type Books
Holdings
Withdrawn status Lost status Source of classification Damaged status Not for loan Home library Current library Shelving location Date acquired Total Checkouts Call number Accession number Date last seen Price effective from Koha item type Copy number
    Dewey Decimal Classification     SEACOM MANAGEMENT COLLEGE SEACOM MANAGEMENT COLLEGE Reference 27/12/2007   302.23 R 277 M-1609 11/01/2025 11/01/2025 Books  
    Dewey Decimal Classification     SEACOM MANAGEMENT COLLEGE SEACOM MANAGEMENT COLLEGE   27/12/2007   302.23 R 277 M-1610 11/01/2025 11/01/2025 Books 1
    Dewey Decimal Classification     SEACOM MANAGEMENT COLLEGE SEACOM MANAGEMENT COLLEGE   27/12/2007   302.23 R 277 M-1611 11/01/2025 11/01/2025 Books 2
© Seacom Engineering College, All rights reserved.    Powered by Koha